ARRUPE JESUIT UNIVERSITY

CORONAVIRUS -STOP THE SPREAD - CLEAN,DISINFECT,COVER

Ethics (Record no. 28041)

MARC details
000 -LEADER
fixed length control field 00567nam a2200241Ia 4500
003 - CONTROL NUMBER IDENTIFIER
control field 0100
005 - DATE AND TIME OF LATEST TRANSACTION
control field 20181017150131.0
008 - FIXED-LENGTH DATA ELEMENTS--GENERAL INFORMATION
fixed length control field 130303s9999 xx 000 0 und d
040 ## - CATALOGING SOURCE
Transcribing agency ARRUPELIB
050 ## - LIBRARY OF CONGRESS CALL NUMBER
Classification number BJ1012.M21 1977
300 ## - PHYSICAL DESCRIPTION
Other physical details 19cm.
100 ## - MAIN ENTRY--PERSONAL NAME
Personal name Mackie, J.L
9 (RLIN) 17026
245 ## - TITLE STATEMENT
Title Ethics
245 ## - TITLE STATEMENT
Remainder of title inventing right and wrong
260 ## - PUBLICATION, DISTRIBUTION, ETC. (IMPRINT)
Place of publication, distribution, etc New york
260 ## - PUBLICATION, DISTRIBUTION, ETC. (IMPRINT)
Name of publisher, distributor, etc Penguin Books
Date of publication, distribution, etc 1977
300 ## - PHYSICAL DESCRIPTION
Extent 249p.
650 ## - SUBJECT ADDED ENTRY--TOPICAL TERM
Topical term or geographic name as entry element ETHICS
9 (RLIN) 43019
650 ## - SUBJECT ADDED ENTRY--TOPICAL TERM
Topical term following geographic name as entry element Ethics -- Collected works
9 (RLIN) 43020
650 ## - SUBJECT ADDED ENTRY--TOPICAL TERM
Location of event Ethics -- History -- Sources
9 (RLIN) 43021
700 ## - ADDED ENTRY--PERSONAL NAME
Personal name Honderich , Ted (ed.)
9 (RLIN) 43022
942 00 - ADDED ENTRY ELEMENTS (KOHA)
Koha issues (borrowed), all copies 10
Source of classification or shelving scheme Library of Congress Classification
Koha item type Monograph ( Printed materials)
Holdings
Withdrawn status Lost status Source of classification or shelving scheme Damaged status Not for loan Collection code Home library Current library Shelving location Date acquired Total Checkouts Full call number Barcode Date last seen Date checked out Copy number Price effective from Koha item type
    Library of Congress Classification     Main Collection ARRUPE LIBRARY ARRUPE LIBRARY   04/03/2013 7 BJ1012.M21 1977 46003002343 18/05/2022 09/04/2018 2 04/03/2013 Monograph ( Printed materials)
    Library of Congress Classification     Main Collection ARRUPE LIBRARY ARRUPE LIBRARY Main Collection 26/02/2014 15 BJ1012.M21 1977 46500002242 11/03/2020 14/02/2020 4 26/02/2014 Monograph ( Printed materials)

 

Arrupe Library. PO Box MP320 Mt Pleasant, Harare, Zimbabwe
263 242 745411|librarian@aju.ac.zw